000 00458nam a2200157 4500
001 133157
003 ES-MaACL
005 20230906194334.0
007 t|
008 070214n19201929ag r ||||1| spa d
100 1 _aRossi Denevi, Alfredo C.
_999889
245 1 0 _aAcervos del surco
_b: (poesías) /
_cAlfredo C. Rossi Denevi.
260 _aBuenos Aires :
_bBaggiani y Paganini,
_c[192_?
300 _a128 p. ;
_c19 cm.
852 _aES-MaACL
_jF-582
_bR.4381
999 _c133157
_d133157